LEADER 00997nam0-22003011i-450- 001 990000504540403321 005 20091201132908.0 035 $a000050454 035 $aFED01000050454 035 $a(Aleph)000050454FED01 035 $a000050454 100 $a20020821d1988----km-y0itay50------ba 101 0 $aeng 105 $aa-------001yy 200 1 $aRole of blood flow in atherogenesis$eproceedings of the international symposium, Hyogo, October 1987$fY. Yoshida ... [et al.], editors 210 $aBerlin$cSpringer-Verlag$dİ1988 215 $a272 p.$cill.$d24 cm 610 0 $aArteriosclerosi$aCongressi 676 $a616.136 702 1$aYoshida,$bY. 710 12$aInternational symposium on the Role of blood flow in Atherogenesis$f<1987 ;$eHyogo, Japan>$0491991 801 0$aIT$bUNINA$gRICA$2UNIMARC 901 $aBK 912 $a990000504540403321 952 $a10 E IV 77$b736 DE$fDINEL 959 $aDINEL 996 $aRole of blood flow in atherogenesis$9330017 997 $aUNINA LEADER 03161nam 2200601Ia 450 001 9910783920703321 005 20231010174238.0 010 $a1-281-88127-9 010 $a9786611881276 010 $a981-270-111-7 035 $a(CKB)1000000000334286 035 $a(EBL)296088 035 $a(OCoLC)476063294 035 $a(SSID)ssj0000123472 035 $a(PQKBManifestationID)11159769 035 $a(PQKBTitleCode)TC0000123472 035 $a(PQKBWorkID)10014334 035 $a(PQKB)11133883 035 $a(MiAaPQ)EBC296088 035 $a(WSP)00000287 035 $a(Au-PeEL)EBL296088 035 $a(CaPaEBR)ebr10174068 035 $a(CaONFJC)MIL188127 035 $a(EXLCZ)991000000000334286 100 $a20060329d2005 uy 0 101 0 $aeng 135 $aur|n|---||||| 181 $ctxt$2rdacontent 182 $cc$2rdamedia 183 $acr$2rdamedia 200 00$aClinical applications of bone allografts and substitutes $ebiology and clinical applications /$feditor, Glyn O. Phillips 210 $aHackensack, N.J. $cWorld Scientific$dc2005 215 $a1 online resource (196 pages) 225 1 $aAllografts in bone healing 311 0 $a981-256-343-1 320 $aIncludes bibliographical references. 327 $aCONTENTS; INTRODUCTION TO THE SERIES; PREFACE; LIST OF CONTRIBUTORS; 1 IAEA CODE OF PRACTICE FOR THE RADIATION STERILISATION OF TISSUE ALLOGRAFTS: REQUIREMENTS FOR VALIDATION AND ROUTINE CONTROL; 2 PRESERVED BONE ALLOGRAFTS IN RECONSTRUCTIVE ORTHOPAEDICS; 3 CLINICAL STRATEGY FOR APPLICATION OF DEEP FROZEN-RADIATION STERILISED BONE ALLOGRAFTS; 4 CLINICAL RESULTS AND ORGANISATIONAL ASPECTS OF AUTOGENOUS AND ALLOGENOUS BONE GRAFTING IN THE TREATMENT OF 226 PATIENTS WITH PRIMARY OSSEOUS NEOPLASMS 327 $a5 NEW APPROACHES TO COMPARATIVE EVALUATION OF ALLOGENIC AND AUTOLOGOUS BONE TRANSPLANTS PROCURED IN VARIOUS WAYS; 6 THE USE OF FREEZE-DRIED MINERALISED AND DEMINERALISED BONE; 7 PRESERVED ALLOGENIC RIB CARTILAGE IN RECONSTRUCTIVE SURGERY; 8 BONE SUBSTITUTES AND RELATED MATERIALS IN CLINICAL ORTHOPAEDICS 330 $aAlthough bone allografts were first utilized by McEwen in orthopaedic surgery in 1881, progress since then has been sporadic. With the growth of tissue banks and the greater availability of safe and sterile bone grafts, the pace has now quickened; in 2004, more than one million such grafts were used in the USA alone. However, the practice generally remained a "cottage industry" well into the latter part of the 20th century. This volume provides an international expert evaluaton of the current use of bone, bone substitutes and related allografts, and describes up-to-date practices and clinical 410 0$aAllografts in bone healing ;$v3. 606 $aBone-grafting 606 $aBones$xSurgery 615 0$aBone-grafting. 615 0$aBones$xSurgery. 676 $a617.4/710592 701 $aPhillips$b Glyn O$022968 801 0$bMiAaPQ 801 1$bMiAaPQ 801 2$bMiAaPQ 906 $aBOOK 912 $a9910783920703321 996 $aClinical applications of bone allografts and substitutes$93729044 997 $aUNINA LEADER 01843oam 22004934a 450 001 9910397944303321 005 20250905110026.0 010 $a979-88-908416-1-2 010 $a1-4696-5798-8 035 $a(CKB)4100000011259009 035 $a(OCoLC)1158013163 035 $a(MdBmJHUP)muse86555 035 $a(ODN)ODN0010178187 035 $a(EXLCZ)994100000011259009 100 $a20200531e20201970 uy 0 101 0 $aeng 135 $aur|||||||nn|n 181 $ctxt$2rdacontent 182 $cc$2rdamedia 183 $acr$2rdacarrier 200 00$aStudies in German Literature of the Nineteenth and Twentieth Centuries$eFestschrift for Frederic E. Coenen /$fedited by Siegfried Mews ; with a foreword by Werner P. Friederich 210 1$aBaltimore, Maryland :$cProject Muse,$d2020 210 4$dİ2020 215 $a1 online resource (1 EPUB unpaged) : $cportrait 225 0 $aUNC studies in the Germanic languages and literatures ;$vnumber 67 311 08$a1-4696-5797-X 320 $aIncludes bibliographical references. 410 0$aUniversity of North Carolina studies in the Germanic languages and literatures ;$vno. 67. 606 $aGerman literature$y20th century$xHistory and criticism 606 $aGerman literature$y19th century$xHistory and criticism 608 $aFestschriften. 608 $aElectronic books. 615 0$aGerman literature$xHistory and criticism. 615 0$aGerman literature$xHistory and criticism. 676 $a830/.9 702 $aFriederich$b Werner P$g(Werner Paul),$f1905-1993, 702 $aMews$b Siegfried 702 $aCoenen$b Frederic Edward 801 0$bMdBmJHUP 801 1$bMdBmJHUP 906 $aBOOK 912 $a9910397944303321 996 $aStudies in German Literature of the Nineteenth and Twentieth Centuries$92292987 997 $aUNINA